British Cities - Sudden Death - Statistics

General Stats
  • This quiz has been taken 4,194 times
  • The average score is 7 of 27
Answers on the Grid
Answers color-coded by a green-red scale on the quiz's grid according to % correct below.
Aberdeen
Bath
Belfast
Berwick-upon-Tweed
Blackpool
Boston
Bradford
Bristol
Canterbury
Cardiff
Colchester
Douglas
Dover
Dundee
Glasgow
Glastonbury
Hastings
Inverness
Leicester
Lincoln
Lockerbie
Londonderry
Luton
Manchester
Newcastle upon Tyne
Northampton
Norwich
Oxford
Penzance
Perth
Portsmouth
Reading
Salisbury
Sheffield
St Ives
Stirling
Stockport
Stratford-upon-Avon
Swansea
Warrington
Windermere
Wolverhampton
Worcester
York
 
Answer Stats
Answer % Correct
Aberdeen
77%
Belfast
65%
Bath
63%
Bristol
46%
Cardiff
34%
Bradford
31%
Glasgow
28%
Manchester
27%
Canterbury
23%
Leicester
23%
Oxford
23%
York
20%
Newcastle upon Tyne
18%
Sheffield
18%
Dundee
17%
Norwich
16%
Colchester
14%
Inverness
14%
Lincoln
14%
Londonderry
13%
Swansea
13%
Worcester
13%
Portsmouth
12%
Wolverhampton
12%
Salisbury
10%
Perth
7%
Stirling
7%
No matching quizzes found
Score Distribution
Percent of People with Each Score
Percentile by Number Answered
Your Score History
You have not taken this quiz